Family Guy Characters-Hard Mode - Statistics

General Stats
  • This quiz has been taken 790 times
    681 since last reset
  • The average score is 28 of 122
Answer Stats
Answer % Correct
Brian Griffin
99%
Chris Griffin
99%
Lois Griffin
99%
Meg Griffin
99%
Peter Griffin
99%
Stewie Griffin
99%
Joe Swanson
92%
Glenn Quagmire
91%
Cleveland Brown
89%
Carter Pewterschmidt
88%
Bonnie Swanson
84%
Babs Pewterschmidt
72%
Adam West
66%
John Herbert
59%
Mort Goldman
59%
Tom Tucker
55%
Kevin Swanson
45%
Neil Goldman
44%
Diane Simmons
41%
James Woods
41%
Seamus Levine
40%
Susie Swanson
40%
Connie D’amico
38%
Cleveland Brown jr.
37%
Jasper
35%
Muriel Goldman
34%
Carol West
33%
Ernie the Giant Chicken
33%
Angela
32%
Dr. Elmer Hartman
32%
Jerome
30%
Francis Griffin
29%
Patrick Pewterschmidt
28%
Consuela
26%
Opie
26%
Thelma Griffin
26%
Jake Tucker
25%
Bruce Straight
24%
Mr. Weed
24%
Tricia Takanawa
24%
Greased-up Deaf Guy
23%
Bert
22%
Karen Griffin
22%
Principal Shepherd
22%
Ryan Reynolds
22%
Ollie Williams
21%
Vinny
20%
Carl
19%
Jesus
19%
Jillian Russell
19%
Joyce Kinney
19%
Evil Monkey
18%
Death
17%
Marguerite Pewterschmidt
16%
Tiny Tom Cruise
16%
Bertram
15%
God
15%
Ida Davis
15%
Kool Aid Man
15%
Donna Tubbs
14%
Horace
14%
Patty
14%
Taylor Swift
14%
Mickey Mcfinnigan
12%
Roberta Tubbs
12%
Jeffrey
10%
Rob Gronkowski
10%
Ruth Cochamer
10%
Donald Trump
9%
OJ Simpson
9%
Doug
8%
Elle Hitler
8%
Esther
8%
Gene Simmons
8%
Miley Cyrus
8%
Bill Clinton
7%
Rollo Tubbs
7%
Al Harrington
6%
Chevy Chase
6%
Stella
6%
Biscuit
5%
Liam Neeson
5%
Penelope
5%
Sheila
5%
Dan Akroyd
4%
Dylan Flannigan
4%
Gina
4%
Judge Dignified Q. Blackman
4%
Rush Limbaugh
4%
Conway Twitty
3%
Daniel
3%
Derek Wilcox
3%
Ellen
3%
Fouad
3%
Johnny
3%
Kent Lastname
3%
Lauren Conrad
3%
Mike Paulaski
3%
Olivia Fuller
3%
Pasquel
3%
Preston Lloyd
3%
RJ
3%
Santos
3%
Scott
3%
Wild Wild West
3%
Betty White
2%
Cheryl Tiegs
2%
Holden Caulfield
2%
James William Bottomtooth III
2%
Jim Kaplan
2%
Paddy Tanniger
2%
Tomik
2%
Vern
2%
Anne Murray
1%
Barnaby
1%
Bellgarde
1%
Carol Channing
1%
Fjurg van der Ploeg
1%
Jennifer Love Hewitt
1%
Laughing Ostritch
1%
Phineas
1%
No matching quizzes found
Score Distribution
Percent of People with Each Score
Percentile by Number Answered
Your Score History
You have not taken this quiz since the last reset